| 000 | 00982cam a22002055a 4500 | ||
|---|---|---|---|
| 001 | L140566 | ||
| 008 | 070928s1859 xxk eng u | ||
| 035 | _a(Sirsi) u140566 | ||
| 041 | 0 | _aeng | |
| 245 | 0 | 0 | _aLilley's furniture sale circular and general auctioneers and house agents' advertiser |
| 260 |
_aLondon _bGeorge Lilley _c1859 |
||
| 300 |
_a1 sheet _c38 cm. + _e2 sheets (25 cm.) |
||
| 351 | _cSingle item | ||
| 500 | _aIssue no. 50 (18 July 1859). | ||
| 500 | _aAccompanied by a letter dated 11 October 1935 from the donor, and the reply dated 12 October 1935 from the Librarian of the Auctioneers' and Estate Agents' Institute. | ||
| 500 | _aFrom title information: 'Circulated gratuitously amongst auctioneers, furniture brokers and fixture dealers, picture dealers, plate purchasers, and other whose business it is to attend sales'. | ||
| 651 | 4 | _aLondon | |
| 690 | _aPROPERTY-PROPERTY ACQUISITION AND DISPOSAL-ACQUISITION AND DISPOSAL AT AUCTION | ||
| 942 | _n0 | ||
| 999 |
_c116361 _d116361 |
||